Jeux Olympiques 2024 - Tableau des médailles - Statistiques

Statistiques générales
  • Ce quiz a été pris 43 163 fois
    43 010 depuis la dernière actualisation
  • Le résultat moyen est 15 sur 20
Statistiques - réponses
# Pays O A B Total % Correct
5 France 16 26 22 64
100%
2 Chine 40 27 24 91
99%
1 États-Unis 40 44 42 126
99%
3 Japon 20 12 13 45
96%
15 Espagne 5 4 9 18
94%
10 Allemagne 12 13 8 33
92%
7 Grande-Bretagne 14 22 29 65
91%
9 Italie 12 13 15 40
90%
12 Canada 9 7 11 27
88%
4 Australie 18 19 16 53
87%
20 Brésil 3 7 10 20
87%
16 Suède 4 4 3 11
75%
8 Corée du Sud 13 9 10 32
74%
18 Norvège 4 1 3 8
71%
6 Pays-Bas 15 7 12 34
69%
11 Nouvelle-Zélande 10 7 3 20
56%
19 Irlande 4 0 3 7
48%
17 Kenya 4 2 5 11
41%
14 Hongrie 6 7 6 19
38%
13 Ouzbékistan 8 2 3 13
13%
Aucun quiz correspondant
Distribution des résultats
% des personnes avec chaque résultat
Percentile par nombre de réponses
Votre historique - résultats
Vous n’avez pas pris ce quiz depuis la dernière actualisation